00321nam a2200121Ia 4500008004100000041000800041082001400049100002100063245003600084260004400120300002400164365001100188240624s9999 xx 000 0 und d aeng a658.8 KRI aKRISHNAMOORTHY R aINTRODUCTION TO RURAL MARKETING c2008aMumbaibHimalaya Publishing House a338 : p. : cm. ; 24 cRSb25